[Event "SVK-chT1W 0607"]
[Site "Slovakia"]
[Date "2007.03.25"]
[Round "11.4"]
[White "Cvicela, Anton"]
[Black "Detko, Jan"]
[Result "0-1"]
[WhiteElo "2254"]
[BlackElo "2234"]
[PlyCount "70"]
[EventDate "2006.10.07"]
[EventType "team-tourn"]
[EventRounds "11"]
[EventCountry "SVK"]
[SourceTitle "EXT 2008"]
[Source "ChessBase"]
[SourceDate "2007.11.25"]
[SourceVersion "1"]
[SourceVersionDate "2007.11.25"]
[SourceQuality "1"]
[WhiteTeam "Hlohovec SK Zentiva II"]
[BlackTeam "Prievidza SK"]
[WhiteTeamCountry "SVK"]
[BlackTeamCountry "SVK"]

1. e4 g6 2. d4 Bg7 3. Nc3 c6 4. f4 d5 5. e5 h5 6. Nf3 Bg4 7. Be3 Nh6 8. Be2 Nf5 9. Qd2 Bxf3 10. Bxf3 e6 11. g3 Nd7 12. 0-0-0 Qa5 13. Kb1 Bf8 14. Qf2 b5 15. h3 Nb6 16. Bc1 Nc4 17. Rd3 Rb8 18. g4 Ng7 19. Nd1 Rb6 20. b3 Ba3 21. Bd2 Bb4 22. Bxb4 Qxb4 23. c3 Qa3 24. Ne3 Kd7 25. Rdd1 Nxe3 26. Qxe3 a5 27. Be2 Qe7 28. Bd3 Rbb8 29. Rdf1 f5 30. exf6 Qxf6 31. Qe5 Rbf8 32. Qxf6 Rxf6 33. g5 Rf5 34. Bxf5 Nxf5 35. Re1 Rf8 0-1

[Event "SVK-chT1W 0607"]
[Site "Slovakia"]
[Date "2007.02.10"]
[Round "8.2"]
[White "Todor, Razvan"]
[Black "Cvicela, Anton"]
[Result "1/2-1/2"]
[WhiteElo "2152"]
[BlackElo "2254"]
[PlyCount "22"]
[EventDate "2006.10.07"]
[EventType "team-tourn"]
[EventRounds "11"]
[EventCountry "SVK"]
[SourceTitle "EXT 2008"]
[Source "ChessBase"]
[SourceDate "2007.11.25"]
[SourceVersion "1"]
[SourceVersionDate "2007.11.25"]
[SourceQuality "1"]
[WhiteTeam "Bratislava Doprastav"]
[BlackTeam "Hlohovec SK Zentiva II"]
[WhiteTeamCountry "SVK"]
[BlackTeamCountry "SVK"]

1. e4 c5 2. Ne2 Nf6 3. Nbc3 Nc6 4. d4 d5 5. exd5 Nxd5 6. dxc5 e6 7. Nxd5 exd5 8. Be3 Be7 9. g3 0-0 10. Bg2 Be6 11. c3 Qd7 1/2-1/2

[Event "SVK-chT1W 0607"]
[Site "Slovakia"]
[Date "2006.12.03"]
[Round "6.1"]
[White "Machalova, Erika"]
[Black "Cvicela, Anton"]
[Result "0-1"]
[WhiteElo "2162"]
[BlackElo "2254"]
[PlyCount "88"]
[EventDate "2006.10.07"]
[EventType "team-tourn"]
[EventRounds "11"]
[EventCountry "SVK"]
[SourceTitle "EXT 2008"]
[Source "ChessBase"]
[SourceDate "2007.11.25"]
[SourceVersion "1"]
[SourceVersionDate "2007.11.25"]
[SourceQuality "1"]
[WhiteTeam "Budmerice"]
[BlackTeam "Hlohovec SK Zentiva II"]
[WhiteTeamCountry "SVK"]
[BlackTeamCountry "SVK"]

1. d4 d5 2. c4 c6 3. Nc3 Nf6 4. Nf3 e6 5. e3 Nbd7 6. Bd3 dxc4 7. Bxc4 b5 8. Bd3 Bb7 9. 0-0 b4 10. Ne4 Be7 11. Bd2 c5 12. Nxf6+ Nxf6 13. Bb5+ Kf8 14. dxc5 Bxc5 15. Rc1 Qb6 16. Qa4 a5 17. Ne5 Ke7 18. a3 Ne4 19. Nd7 Qd6 20. Nxc5 Nxc5 21. Qc2 Rac8 22. Rfd1 Be4 23. Qc4 Qe5 24. Qe2 Nb3 25. Rxc8 Rxc8 26. Ba4 Nc5 27. Bb5 Qxb2 28. axb4 axb4 29. Qe1 Rb8 30. Bc4 Bd3 31. Bxd3 Nxd3 32. Qe2 Rd8 33. h3 Ke8 34. Qh5 Qb3 35. Qb5+ Kf8 36. Rf1 Kg8 37. Qb6 Rc8 38. Qd4 Qc4 39. Qd7 b3 40. Rb1 Qc2 41. Kh2 b2 42. Ba5 h6 43. Bb6 Rb8 44. Ba7 Rf8 0-1

[Event "Piestany Pressburg op"]
[Site "Piestany"]
[Date "2006.11.18"]
[Round "6"]
[White "Rojicek, Vojtech"]
[Black "Cvicela, Anton"]
[Result "1-0"]
[WhiteElo "2224"]
[BlackElo "2254"]
[PlyCount "45"]
[EventDate "2006.11.15"]
[EventType "swiss"]
[EventRounds "7"]
[EventCountry "SVK"]
[SourceTitle "EXT 2008"]
[Source "ChessBase"]
[SourceDate "2007.11.25"]
[SourceVersion "1"]
[SourceVersionDate "2007.11.25"]
[SourceQuality "1"]

1. e4 c5 2. Nf3 Nf6 3. Nc3 Nc6 4. d4 cxd4 5. Nxd4 g6 6. Bc4 Bg7 7. Nxc6 bxc6 8. e5 Ng8 9. Qf3 e6 10. Bf4 Qa5 11. 0-0-0 Bxe5 12. Ne4 f5 13. Bxe5 Qxe5 14. Nd6+ Ke7 15. Rhe1 Qc5 16. g4 Nh6 17. Qc3 Rg8 18. Nxc8+ Raxc8 19. Rxd7+ Ke8 20. Rxh7 Nxg4 21. Rxe6+ Kf8 22. Rf6+ Ke8 23. Bf7+ 1-0